JOB elszámolás az Os operációs rendszerben

Elmentve itt :
Bibliográfiai részletek
Szerző: Kalocsai Ferenc
További közreműködők: Diamant Tibor (Témavezető)
Dokumentumtípus: Szakdolgozat
Megjelent: 1982
Tárgyszavak:
Online Access:http://diploma.bibl.u-szeged.hu/4200
LEADER 00537nta a2200157 i 4500
001 dipl4200
005 20110419201048.0
008 110419s1982 hu om 0|| zxx d
040 |a SZTE Diploma Repozitórium  |b hun 
041 |a zxx 
100 1 |a Kalocsai Ferenc 
245 1 0 |a JOB elszámolás az Os operációs rendszerben  |h [elektronikus dokumentum] /  |c Ferenc Kalocsai 
260 |c 1982 
650 4 |a Informatika 
700 1 |a Diamant Tibor  |e ths 
856 4 0 |u http://diploma.bibl.u-szeged.hu/id/eprint/4200/1/1982_kalocsai_ferenc_74.pdf  |z Dokumentum-elérés